| 000 | 00380nam a2200157Ia 4500 | ||
|---|---|---|---|
| 100 | _aMukherjee/D.P/ Jana/Debasish | ||
| 650 | _aComputer graphics | ||
| 942 | _cBK | ||
| 366 | _f20 | ||
| 245 | _aComputer Graphics:Algorithms and implementation | ||
| 260 |
_bPrentice Hall of India _c2010 |
||
| 082 |
_a6.6 _bMUK |
||
| 300 | _a583 | ||
| 546 |
_aENGLISH _cComputers |
||
| 999 |
_c32795 _d32795 |
||